00313 a2200109 4500001000700000020000600007040001100013100001900024240007800043245007300121362000900194165754 a  cMagnum aMclaren, Peter10aUtopias provisorias: as pedagogias criticas num cenario pos-coloniallpor10aUtopias provisorias: as pedagogias criticas num cenario pos-colonial0 a1899